La migración ecuatoriana: transnacionalismo, redes e identidades /
Guardado en:
| Hovedforfatter: | |
|---|---|
| Andre forfattere: | |
| Format: | Texto |
| Udgivet: |
Quito:
FLACSO. Plan migración comunicación y desarrollo
|
| Udgivelse: | 2 |
| Fag: | |
| Tags: |
Tilføj Tag
Ingen Tags, Vær først til at tagge denne postø!
|
MARC
| LEADER | 00000 a a2200000 04500 | ||
|---|---|---|---|
| 001 | 34705 | ||
| 003 | |||
| 040 | |||
| 020 | |a 9978-67-104-8 | ||
| 090 | |a 1001 H565m | ||
| 100 | |a Herrera, Gioconda | ||
| 245 | |a La migración ecuatoriana: transnacionalismo, redes e identidades / |c Gioconda Herrera | ||
| 250 | |a 2 | ||
| 260 | |a Quito: |b FLACSO. Plan migración comunicación y desarrollo | ||
| 300 | |a 512 p. | ||
| 650 | |a MUJERES | ||
| 650 | |a ROLES DE GENERO | ||
| 650 | |a MIGRACION | ||
| 650 | |a ESTUDIOS DE CASOS | ||
| 650 | |a ECUADOR | ||
| 700 | |a ed. |a Carrillo María Cristina |a ed. |a Torres, Alicia |a ed. | ||
| 999 | |c 11478 |d 11478 | ||



